00512nam a2200193 a 4500001001300000003000900013005001700022008004100039020002300080082001500103100002700118245002700145260004100172300000900213500003500222505001000257650002400267700002700291nice12345678IN_TiNIC20260116012256.0050524s1970 dura grp 000 0 eng  a0822333 c63700a200.1bPAT aPatterson, Robert Leet aPhilosophy of Religion aDurhambDuke University Press c1970 a571p aincludes index and biblioraphy2 aIndex aReligion-Philosophy1 aPatterson, Robert Leet